Guess the 1960s song lyrics #100 - Statistics

General Stats
  • This quiz has been taken 25 times
  • The average score is 110 of 165
Answer Stats
Answer % Correct
a
100%
I
100%
me
100%
on
100%
the
100%
at
95%
don't
95%
my
95%
of
95%
And
90%
hear
90%
can't
85%
Can't
85%
No
85%
where
85%
you
85%
love
80%
word
80%
leave
75%
mind
75%
Only
75%
sayin
75%
see
75%
sun
75%
they're
75%
Everybody's
70%
let
70%
shinin
70%
talkin
70%
won't
70%
like
65%
their
65%
echoes
60%
going
60%
Going
60%
I'm
60%
keeps
60%
rain
60%
eyes
55%
off
55%
over
55%
shadows
55%
behind
50%
faces
50%
pourin
50%
Through
50%
breeze
45%
clothes
45%
suits
45%
weather
45%
People
40%
Sailin
40%
summer
40%
ocean
35%
northeast
30%
winds
30%
Harry Nilsson
25%
skippin
25%
stone
25%
stoppin
25%
ah
20%
Bankin
20%
starin
20%
Wah
20%
wah
20%
No matching quizzes found
Score Distribution
Percent of People with Each Score
Percentile by Number Answered
Your Score History
You have not taken this quiz